000 00289nam a22001217a 4500
020 _a92-5-104020-6
041 _aENG
245 _aModernization of irrigation Schemes ; Past Experiences and Future Options
260 _aBangkok
_bFAO
_c1997
300 _a258
650 _aFAO
856 _uFAO
999 _c3268
_d3268